Welcome to the Holygrace Academy Library

Please use search bar below to get started

ASTROSAURS: THE TERROR BIRD TRAP (Record no. 8731)

MARC details
000 -LEADER
fixed length control field 00378nam a22001457a 4500
020 ## - INTERNATIONAL STANDARD BOOK NUMBER
ISBN 978-0-099-48798-2
082 ## - DEWEY DECIMAL CLASSIFICATION NUMBER
Classification number 823
Item number COLE/STEV
100 ## - MAIN ENTRY--AUTHOR NAME
Personal name COLE, STEVE
245 ## - TITLE STATEMENT
Title ASTROSAURS: THE TERROR BIRD TRAP
246 ## - VARYING FORM OF TITLE
Title proper/short title ASTROSAURS: THE TERROR BIRD TRAP
Remainder of title ASTROSAURS: THE TERROR BIRD TRAP
260 ## - PUBLICATION, DISTRIBUTION, ETC. (IMPRINT)
Place of publication U K
Name of publisher RED FOX
300 ## - PHYSICAL DESCRIPTION
Number of Pages 129
650 ## - SUBJECT ADDED ENTRY--TOPICAL TERM
Topical Term ENGLISH FICTION
942 ## - ADDED ENTRY ELEMENTS (KOHA)
Koha item type Books
Holdings
Withdrawn status Lost status Collection code Home library Current library Shelving location Date acquired Source of acquisition Full call number Accession Number Koha item type
    Fiction Main Library Main Library SHELF 15 H-HARRY POTTER(CHARACTERISATION),WIMPY KID,DORK DIARIES 21/03/2014 PURCHASED 823 COLE/STEV 08050 Books